Plain USA States - Statistics

General Stats
  • This quiz has been taken 23 times
  • The average score is 8 of 14
Answer Stats
Answer % Correct
Kansas
71%
Montana
71%
Nebraska
71%
Illinois
67%
Missouri
67%
Minnesota
57%
Idaho
52%
Indiana
52%
Oklahoma
52%
Wyoming
52%
Arkansas
43%
Michigan
38%
Alaska
29%
Oregon
29%
No matching quizzes found
Score Distribution
Percent of People with Each Score
Percentile by Number Answered
Your Score History
You have not taken this quiz